000 00501nam a2200181Ia 4500
003 GCL
008 140319s9999 xx 000 0 eng d
040 _aGCL /
_cGCL
082 0 4 _aCC
_b932
_bQ W
100 1 _aQUIRKE, STEPHEN
245 1 0 _aWHO WERE THE PHARAOHS? A HISTORY OF THEIR NAMES WITH A LIST OF CARTOUCHES /
_cQUIRKE, STEPHEN
260 _a[S.N] :
_bBRITISH MUSEUM PRESS ،
_c1993
300 _a80 P
650 0 4 _aHPARAON
650 0 4 _aEGYPT
650 0 4 _aANCIENT EGYPT
942 _2ddc
_cBK
999 _c25654
_d25654